000 00615nam a2200229Ia 4500
003 OSt
005 20220923225901.0
006 a|||||r|||| 00| 0
007 ta
008 Pun
024 _a275,633
037 _cTextual
040 _aARTS
_cARTS
_bPun
041 _2Pun
_aPun
082 _aO153,1N16x, H9
100 _aਸਿੰਘ, ਪ੍ਰੀਤਮ ਸਿੰਘ
245 0 _aਰਕਤ ਬੂੰਦਾਂ
260 _c1949
650 _aਪੰਜਾਬੀ ਸਾਹਿਤ
942 _hO153,1N16x, H9
_cTEXL
_2CC
999 _c381079
_d381079